Sheffield Wednesday League Players Since 2014 - Statistics

General Stats
  • This quiz has been taken 39 times
  • The average score is 162 of 305
Answer Stats
% Correct
2023/24 (Championship - 20th) Scotland CM 34 Barry Bannan 42 1
96%
2022/23 (League One - 3rd) Scotland CM 32 Barry Bannan 41 7
96%
2021/22 (League One - 4th) Scotland CM 31 Barry Bannan 45 9
96%
2020/21 (Championship - 24th) Scotland CM 30 Barry Bannan 46 2
96%
2019/20 (Championship - 16th) Scotland CM 29 Barry Bannan 44 2
96%
2018/19 (Championship - 12th) Scotland CM 28 Barry Bannan 41 4
96%
2017/18 (Championship - 15th) Scotland CM 27 Barry Bannan 29
96%
2016/17 (Championship - 4th) Scotland CM 26 Barry Bannan 43 1
96%
2015/16 (Championship - 6th) Scotland CM 25 Barry Bannan 35 2
96%
2023/24 (Championship - 20th) Scotland RB 32 Liam Palmer 34 2
92%
2022/23 (League One - 3rd) Scotland RB 30 Liam Palmer 44 6
92%
2021/22 (League One - 4th) Scotland RB 29 Liam Palmer 39 1
92%
2020/21 (Championship - 24th) Scotland RB 28 Liam Palmer 39 1
92%
2019/20 (Championship - 16th) Scotland RB 27 Liam Palmer 33
92%
2018/19 (Championship - 12th) Scotland RB 26 Liam Palmer 35
92%
2017/18 (Championship - 15th) Scotland RB 25 Liam Palmer 26
92%
2016/17 (Championship - 4th) Scotland RB 24 Liam Palmer 21
92%
2015/16 (Championship - 6th) Scotland RB 23 Liam Palmer 15
92%
2014/15 (Championship - 13th) Scotland RB 22 Liam Palmer 35
92%
2023/24 (Championship - 20th) England LM 33 Marvin Johnson 29 4
88%
2022/23 (League One - 3rd) England LM 31 Marvin Johnson 41 3
88%
2021/22 (League One - 4th) England LM 30 Marvin Johnson 39 2
88%
2023/24 (Championship - 20th) England GK 28 Cameron Dawson 18
84%
2022/23 (League One - 3rd) England GK 26 Cameron Dawson 22
84%
2020/21 (Championship - 24th) England GK 24 Cameron Dawson 8
84%
2019/20 (Championship - 16th) England GK 23 Cameron Dawson 24
84%
2018/19 (Championship - 12th) England GK 22 Cameron Dawson 26
84%
2017/18 (Championship - 15th) England GK 21 Cameron Dawson 3
84%
2016/17 (Championship - 4th) England GK 20 Cameron Dawson 4
84%
2019/20 (Championship - 16th) England DM 31 Kieran Lee 28
84%
2018/19 (Championship - 12th) England DM 30 Kieran Lee 2
84%
2017/18 (Championship - 15th) England DM 29 Kieran Lee 15 3
84%
2016/17 (Championship - 4th) England DM 28 Kieran Lee 26 5
84%
2015/16 (Championship - 6th) England DM 27 Kieran Lee 44 5
84%
2014/15 (Championship - 13th) England DM 26 Kieran Lee 33 6
84%
2023/24 (Championship - 20th) England ST 32 Michael Smith 31 4
84%
2022/23 (League One - 3rd) England ST 30 Michael Smith 39 16
84%
2023/24 (Championship - 20th) Wales DM 30 Will Vaulks 34
84%
2022/23 (League One - 3rd) Wales DM 28 Will Vaulks 43 2
84%
2023/24 (Championship - 20th) England ST 28 Ashley Fletcher 23
80%
2019/20 (Championship - 16th) Italy SS 29 Fernando Forestieri 17 2
80%
2018/19 (Championship - 12th) Italy SS 28 Fernando Forestieri 25 6
80%
2017/18 (Championship - 15th) Italy SS 27 Fernando Forestieri 10 5
80%
2016/17 (Championship - 4th) Italy SS 26 Fernando Forestieri 35 12
80%
2015/16 (Championship - 6th) Italy SS 25 Fernando Forestieri 36 15
80%
2014/15 (Championship - 13th) England RW 33 Gary Taylor-Fletcher 4
80%
2023/24 (Championship - 20th) Canada ST 25 Ike Ugbo 18 7
80%
2023/24 (Championship - 20th) England GK 19 James Beadle 19
80%
2023/24 (Championship - 20th) England AM 30 Josh Windass 25 6
80%
2022/23 (League One - 3rd) England AM 28 Josh Windass 34 11
80%
2021/22 (League One - 4th) England AM 27 Josh Windass 9 4
80%
2020/21 (Championship - 24th) England AM 26 Josh Windass 41 9
80%
2019/20 (Championship - 16th) England AM 25 Josh Windass 9 3
80%
2020/21 (Championship - 24th) Ireland GK 35 Keiren Westwood 20
80%
2019/20 (Championship - 16th) Ireland GK 34 Keiren Westwood 14
80%
2018/19 (Championship - 12th) Ireland GK 33 Keiren Westwood 20
80%
2017/18 (Championship - 15th) Ireland GK 32 Keiren Westwood 18
80%
2016/17 (Championship - 4th) Ireland GK 31 Keiren Westwood 43
80%
2015/16 (Championship - 6th) Ireland GK 30 Keiren Westwood 34
80%
2014/15 (Championship - 13th) Ireland GK 29 Keiren Westwood 44
80%
2023/24 (Championship - 20th) England ST 35 Lee Gregory 13 1
80%
2022/23 (League One - 3rd) England ST 33 Lee Gregory 38 10
80%
2021/22 (League One - 4th) England ST 32 Lee Gregory 36 16
80%
2023/24 (Championship - 20th) Spain RB 27 Pol Valentin 36
80%
2019/20 (Championship - 16th) Scotland ST 32 Steven Fletcher 27 13
80%
2018/19 (Championship - 12th) Scotland ST 31 Steven Fletcher 40 11
80%
2017/18 (Championship - 15th) Scotland ST 30 Steven Fletcher 19 2
80%
2016/17 (Championship - 4th) Scotland ST 29 Steven Fletcher 38 10
80%
2020/21 (Championship - 24th) England CB 29 Tom Lees 38 1
80%
2019/20 (Championship - 16th) England CB 28 Tom Lees 27 2
80%
2018/19 (Championship - 12th) England CB 27 Tom Lees 42 2
80%
2017/18 (Championship - 15th) England CB 26 Tom Lees 29 1
80%
2016/17 (Championship - 4th) England CB 25 Tom Lees 35 1
80%
2015/16 (Championship - 6th) England CB 24 Tom Lees 34 3
80%
2014/15 (Championship - 13th) England CB 23 Tom Lees 44
80%
2023/24 (Championship - 20th) Netherlands RW 23 Anthony Musaba 43 7
76%
2023/24 (Championship - 20th) Scotland ST 29 Callum Paterson 25
76%
2022/23 (League One - 3rd) Scotland ST 27 Callum Paterson 25 5
76%
2021/22 (League One - 4th) Scotland ST 26 Callum Paterson 40 6
76%
2020/21 (Championship - 24th) Scotland ST 25 Callum Paterson 43 8
76%
2023/24 (Championship - 20th) Jamaica CB 23 Di'Shon Bernard 32
76%
2023/24 (Championship - 20th) France LW 20 Djeidi Gassama 35 3
76%
2023/24 (Championship - 20th) England CB 28 Dominic Iorfa 28
76%
2022/23 (League One - 3rd) England CB 27 Dominic Iorfa 32
76%
2021/22 (League One - 4th) England CB 26 Dominic Iorfa 19
76%
2020/21 (Championship - 24th) England CB 25 Dominic Iorfa 10
76%
2019/20 (Championship - 16th) England CB 24 Dominic Iorfa 41 2
76%
2018/19 (Championship - 12th) England CB 23 Dominic Iorfa 12 3
76%
2017/18 (Championship - 15th) Scotland RM 32 Ross Wallace 27 2
76%
2016/17 (Championship - 4th) Scotland RM 31 Ross Wallace 41 5
76%
2015/16 (Championship - 6th) Scotland RM 30 Ross Wallace 40 3
76%
2019/20 (Championship - 16th) Kosovo ST 29 Atdhe Nuhiu 38 6
72%
2018/19 (Championship - 12th) Kosovo ST 28 Atdhe Nuhiu 34 4
72%
2017/18 (Championship - 15th) Kosovo ST 27 Atdhe Nuhiu 28 11
72%
2016/17 (Championship - 4th) Kosovo ST 26 Atdhe Nuhiu 20
72%
2015/16 (Championship - 6th) Kosovo ST 25 Atdhe Nuhiu 41 3
72%
2014/15 (Championship - 13th) Kosovo ST 24 Atdhe Nuhiu 43 8
72%
2022/23 (League One - 3rd) England RB 31 Jack Hunt 16
72%
2021/22 (League One - 4th) England RB 30 Jack Hunt 39 2
72%
2017/18 (Championship - 15th) England RB 26 Jack Hunt 29
72%
2016/17 (Championship - 4th) England RB 25 Jack Hunt 32
72%
2015/16 (Championship - 6th) England RB 24 Jack Hunt 34
72%
2021/22 (League One - 4th) England GK 25 Joe Wildsmith 3
72%
2020/21 (Championship - 24th) England GK 24 Joe Wildsmith 19
72%
2019/20 (Championship - 16th) England GK 23 Joe Wildsmith 9
72%
2017/18 (Championship - 15th) England GK 21 Joe Wildsmith 26
72%
2016/17 (Championship - 4th) England GK 20 Joe Wildsmith 1
72%
2015/16 (Championship - 6th) England GK 19 Joe Wildsmith 9
72%
2020/21 (Championship - 24th) Ireland CM 20 Alex Hunt 3
68%
2019/20 (Championship - 16th) Ireland CM 19 Alex Hunt 6
68%
2023/24 (Championship - 20th) England CB 31 Michael Ihiekwe 26 1
68%
2022/23 (League One - 3rd) England CB 29 Michael Ihiekwe 20
68%
2020/21 (Championship - 24th) England LM 27 Adam Reach 44 5
64%
2019/20 (Championship - 16th) England LM 26 Adam Reach 37 1
64%
2018/19 (Championship - 12th) England LM 25 Adam Reach 42 8
64%
2017/18 (Championship - 15th) England LM 24 Adam Reach 46 4
64%
2016/17 (Championship - 4th) England LM 23 Adam Reach 39 3
64%
2018/19 (Championship - 12th) Czech Republic LB 32 Daniel Pudil 11
64%
2017/18 (Championship - 15th) Czech Republic LB 31 Daniel Pudil 27
64%
2016/17 (Championship - 4th) Czech Republic LB 30 Daniel Pudil 26 2
64%
2015/16 (Championship - 6th) Czech Republic LB 29 Daniel Pudil 36 2
64%
2023/24 (Championship - 20th) Spain CB 26 Bambo Diaby 34
60%
2023/24 (Championship - 20th) Scotland CM 27 George Byers 22 1
60%
2022/23 (League One - 3rd) Scotland CM 26 George Byers 24 6
60%
2021/22 (League One - 4th) Scotland CM 25 George Byers 22 6
60%
2017/18 (Championship - 15th) Netherlands CB 33 Glenn Loovens 20
60%
2016/17 (Championship - 4th) Netherlands CB 32 Glenn Loovens 32 1
60%
2015/16 (Championship - 6th) Netherlands CB 31 Glenn Loovens 31
60%
2014/15 (Championship - 13th) Netherlands CB 30 Glenn Loovens 26
60%
2020/21 (Championship - 24th) Scotland ST 30 Jordan Rhodes 36 7
60%
2019/20 (Championship - 16th) Scotland ST 29 Jordan Rhodes 16 3
60%
2017/18 (Championship - 15th) Scotland ST 27 Jordan Rhodes 31 5
60%
2016/17 (Championship - 4th) Scotland ST 26 Jordan Rhodes 18 3
60%
2023/24 (Championship - 20th) Chile RW 31 Juan Delgado 10 1
60%
2023/24 (Championship - 20th) Colombia GK 26 Devis Vasquez 9
56%
2022/23 (League One - 3rd) Nigeria AM 21 Fisayo Dele-Bashiru 33 4
56%
2021/22 (League One - 4th) Nigeria AM 20 Fisayo Dele-Bashiru 24 1
56%
2020/21 (Championship - 24th) Nigeria AM 19 Fisayo Dele-Bashiru 8
56%
2018/19 (Championship - 12th) England ST 30 Gary Hooper 6 1
56%
2017/18 (Championship - 15th) England ST 29 Gary Hooper 24 10
56%
2016/17 (Championship - 4th) England ST 28 Gary Hooper 23 6
56%
2015/16 (Championship - 6th) England ST 27 Gary Hooper 29 13
56%
2019/20 (Championship - 16th) Angola ST 25 Lucas Joao 1 1
56%
2018/19 (Championship - 12th) Angola ST 24 Lucas Joao 31 10
56%
2017/18 (Championship - 15th) Angola ST 23 Lucas Joao 30 9
56%
2016/17 (Championship - 4th) Angola ST 22 Lucas Joao 10
56%
2015/16 (Championship - 6th) Angola ST 21 Lucas Joao 40 6
56%
2018/19 (Championship - 12th) Jamaica CB 25 Michael Hector 37 2
56%
2023/24 (Championship - 20th) France DM 27 Momo Diaby 8
56%
2021/22 (League One - 4th) England DM 31 Sam Hutchinson 28 1
56%
2020/21 (Championship - 24th) England DM 30 Sam Hutchinson 22 1
56%
2019/20 (Championship - 16th) England DM 29 Sam Hutchinson 23 1
56%
2018/19 (Championship - 12th) England DM 28 Sam Hutchinson 24
56%
2017/18 (Championship - 15th) England DM 27 Sam Hutchinson 8
56%
2016/17 (Championship - 4th) England DM 26 Sam Hutchinson 33 2
56%
2015/16 (Championship - 6th) England DM 25 Sam Hutchinson 25
56%
2014/15 (Championship - 13th) England DM 24 Sam Hutchinson 20
56%
2023/24 (Championship - 20th) England CB 25 Akin Famewo 35
52%
2022/23 (League One - 3rd) England CB 23 Akin Famewo 17 1
52%
2022/23 (League One - 3rd) England GK 36 David Stockdale 24
52%
2021/22 (League One - 4th) Australia CM 28 Massimo Luongo 25 1
52%
2020/21 (Championship - 24th) Australia CM 27 Massimo Luongo 12
52%
2019/20 (Championship - 16th) Australia CM 26 Massimo Luongo 27 3
52%
2019/20 (Championship - 16th) Wales LB 25 Morgan Fox 27 2
52%
2018/19 (Championship - 12th) Wales LB 24 Morgan Fox 25
52%
2017/18 (Championship - 15th) Wales LB 23 Morgan Fox 28
52%
2016/17 (Championship - 4th) Wales LB 22 Morgan Fox 10 1
52%
2015/16 (Championship - 6th) Romania ST 22 Sergiu Bus 2
52%
2014/15 (Championship - 13th) Romania ST 21 Sergiu Bus 7 1
52%
2017/18 (Championship - 15th) Switzerland CM 30 Almen Abdi 4
48%
2016/17 (Championship - 4th) Switzerland CM 29 Almen Abdi 16 1
48%
2023/24 (Championship - 20th) England ST 19 Bailey Cadamarteri 23 4
48%
2018/19 (Championship - 12th) England CM 33 David Jones 1
48%
2017/18 (Championship - 15th) England CM 32 David Jones 27 1
48%
2016/17 (Championship - 4th) England CM 31 David Jones 29
48%
2023/24 (Championship - 20th) Colombia RW 24 Ian Poveda 10
48%
2023/24 (Championship - 20th) Ireland CM 32 Jeff Hendrick 11 1
48%
2020/21 (Championship - 24th) Netherlands DM 27 Joey Pelupessy 39
48%
2019/20 (Championship - 16th) Netherlands DM 26 Joey Pelupessy 17
48%
2018/19 (Championship - 12th) Netherlands DM 25 Joey Pelupessy 33
48%
2017/18 (Championship - 15th) Netherlands DM 24 Joey Pelupessy 17 1
48%
2020/21 (Championship - 24th) England RW 27 Kadeem Harris 38
48%
2019/20 (Championship - 16th) England RW 26 Kadeem Harris 43 3
48%
2018/19 (Championship - 12th) Portugal LW 29 Marco Matias 31 6
48%
2017/18 (Championship - 15th) Portugal LW 28 Marco Matias 9
48%
2016/17 (Championship - 4th) Portugal LW 27 Marco Matias 2
48%
2015/16 (Championship - 6th) Portugal LW 26 Marco Matias 17 3
48%
2023/24 (Championship - 20th) England LB 30 Reece James 8
48%
2022/23 (League One - 3rd) England LB 28 Reece James 25
48%
2021/22 (League One - 4th) Northern Ireland GK 24 Bailey Peacock-Farrell 43
44%
2019/20 (Championship - 16th) England RW 24 Jacob Murphy 39 9
44%
2023/24 (Championship - 20th) England RW 25 Mallik Wilks 15
44%
2022/23 (League One - 3rd) England RW 23 Mallik Wilks 16 1
44%
2021/22 (League One - 4th) Burundi ST 27 Saido Berahino 29 8
44%
2020/21 (Championship - 24th) England LW 23 Izzy Brown 19
40%
2022/23 (League One - 3rd) England LB 23 Jaden Brown 9
40%
2021/22 (League One - 4th) England LB 22 Jaden Brown 11
40%
2020/21 (Championship - 24th) Netherlands CB 26 Joost van Aken 17
40%
2018/19 (Championship - 12th) Netherlands CB 24 Joost van Aken 1
40%
2017/18 (Championship - 15th) Netherlands CB 23 Joost van Aken 14
40%
2016/17 (Championship - 4th) Portugal DM 31 Jose Semedo 10
40%
2015/16 (Championship - 6th) Portugal DM 30 Jose Semedo 10
40%
2014/15 (Championship - 13th) Portugal DM 29 Jose Semedo 30
40%
2020/21 (Championship - 24th) Germany CB 29 Julian Borner 26 3
40%
2019/20 (Championship - 16th) Germany CB 28 Julian Borner 37 1
40%
2023/24 (Championship - 20th) Denmark LB 29 Kristian Pedersen 4
40%
2022/23 (League One - 3rd) England CB 32 Aden Flint 18 1
36%
2020/21 (Championship - 24th) England CB 30 Aden Flint 4
36%
2020/21 (Championship - 24th) England DM 19 Liam Shaw 19 1
36%
2019/20 (Championship - 16th) England DM 18 Liam Shaw 2
36%
2014/15 (Championship - 13th) Scotland ST 21 Stevie May 39 7
36%
2014/15 (Championship - 13th) Northern Ireland ST 21 Caolan Lavery 13 2
32%
2021/22 (League One - 4th) Ireland CB 21 Ciaran Brennan 11
32%
2022/23 (League One - 3rd) England CM 23 Dennis Adeniran 22 2
32%
2021/22 (League One - 4th) England CM 22 Dennis Adeniran 18 3
32%
2021/22 (League One - 4th) Albania ST 26 Florian Kamberi 23 4
32%
2018/19 (Championship - 12th) Scotland LW 32 George Boyd 19 1
32%
2017/18 (Championship - 15th) Scotland LW 31 George Boyd 20 2
32%
2021/22 (League One - 4th) Guatemala RW 29 Nathaniel Mendez-Laing 18 2
32%
2019/20 (Championship - 16th) England ST 28 Sam Winnall 13 1
32%
2018/19 (Championship - 12th) England ST 27 Sam Winnall 7
32%
2017/18 (Championship - 15th) England ST 26 Sam Winnall 2 1
32%
2016/17 (Championship - 4th) England ST 25 Sam Winnall 14 3
32%
2021/22 (League One - 4th) Canada RW 19 Theo Corbeanu 13 2
32%
2016/17 (Championship - 4th) France CB 25 Vincent Sasso 14 2
32%
2015/16 (Championship - 6th) France CB 24 Vincent Sasso 13
32%
2015/16 (Championship - 6th) Spain CM 27 Alex Lopez 22
28%
2014/15 (Championship - 13th) Scotland RW 25 Chris Maguire 42 8
28%
2019/20 (Championship - 16th) England ST 26 Connor Wickham 13 2
28%
2015/16 (Championship - 6th) France LM 23 Jeremy Helan 20
28%
2014/15 (Championship - 13th) France LM 22 Jeremy Helan 38 1
28%
2023/24 (Championship - 20th) England CM 24 John Buckley 13
28%
2020/21 (Championship - 24th) England LB 22 Matt Penney 12
28%
2018/19 (Championship - 12th) England LB 20 Matt Penney 16
28%
2015/16 (Championship - 6th) Senegal RW 30 Modou Sougou 9 2
28%
2020/21 (Championship - 24th) England RB 26 Moses Odubajo 18
28%
2019/20 (Championship - 16th) England RB 25 Moses Odubajo 22
28%
2020/21 (Championship - 24th) England CB 19 Osaze Urhoghide 16
28%
2019/20 (Championship - 16th) England CB 18 Osaze Urhoghide 3
28%
2023/24 (Championship - 20th) England DM 25 Tyreeq Bakinson 8
28%
2022/23 (League One - 3rd) England DM 23 Tyreeq Bakinson 26 1
28%
2016/17 (Championship - 4th) England RW 26 Will Buckley 11
28%
2022/23 (League One - 3rd) England LW 20 Alex Mighten 9 1
24%
2014/15 (Championship - 13th) England GK 33 Chris Kirkland 3
24%
2017/18 (Championship - 15th) Portugal CB 24 Frederico Venancio 20 1
24%
2021/22 (League One - 4th) England CB 29 Harlee Dean 7
24%
2014/15 (Championship - 13th) DR Congo LM 26 Jacques Maghoma 32
24%
2014/15 (Championship - 13th) England CM 19 Lewis Baker 4
24%
2015/16 (Championship - 6th) England CM 26 Lewis McGugan 13 3
24%
2014/15 (Championship - 13th) England CM 25 Lewis McGugan 22 3
24%
2022/23 (League One - 3rd) Ireland CB 21 Mark McGuinness 17 1
24%
2021/22 (League One - 4th) Ireland LW 23 Olamide Shodipo 15 1
24%
2015/16 (Championship - 6th) Wales LB 27 Rhoys Wiggins 6
24%
2022/23 (League One - 3rd) England CM 17 Rio Shipston 3
24%
2018/19 (Championship - 12th) Jamaica LW 22 Rolando Aarons 10 1
24%
2022/23 (League One - 3rd) Netherlands ST 25 Sylla Sow 2
24%
2021/22 (League One - 4th) Netherlands ST 24 Sylla Sow 13 2
24%
2018/19 (Championship - 12th) Morocco LM 26 Achraf Lazaar 4
20%
2015/16 (Championship - 6th) Ireland LW 29 Aiden McGeady 13 1
20%
2018/19 (Championship - 12th) Wales RB 21 Ash Baker 11
20%
2017/18 (Championship - 15th) Wales RB 20 Ash Baker 1
20%
2021/22 (League One - 4th) Jamaica CB 29 Chey Dunkley 21 2
20%
2020/21 (Championship - 24th) Jamaica CB 28 Chey Dunkley 12
20%
2014/15 (Championship - 13th) France CB 26 Claude Dielna 23 1
20%
2014/15 (Championship - 13th) Portugal DM 24 Filipe Melo 6
20%
2016/17 (Championship - 4th) England ST 17 George Hirst 1
20%
2014/15 (Championship - 13th) England CM 28 Giles Coke 13 1
20%
2017/18 (Championship - 15th) England CM 27 Jacob Butterfield 20
20%
2021/22 (League One - 4th) England CB 23 Jordan Storey 19 2
20%
2018/19 (Championship - 12th) England CM 21 Josh Onomah 15
20%
2014/15 (Championship - 13th) England RB 30 Lewis Buxton 9
20%
2021/22 (League One - 4th) England CB 20 Lewis Gibson 5
20%
2015/16 (Championship - 6th) Wales GK 30 Lewis Price 5
20%
2014/15 (Championship - 13th) Belgium LB 22 Marnick Vermijl 11
20%
2015/16 (Championship - 6th) England CB 31 Michael Turner 11 1
20%
2017/18 (Championship - 15th) England RB 20 Sean Clare 5 1
20%
2016/17 (Championship - 4th) Netherlands CM 30 Urby Emanuelson 1
20%
2021/22 (League One - 4th) England LW 22 Andre Green 2
16%
2020/21 (Championship - 24th) England LW 21 Andre Green 11
16%
2022/23 (League One - 3rd) England CB 28 Ben Heneghan 10
16%
2020/21 (Championship - 24th) DR Congo ST 28 Elias Kachunga 27
16%
2014/15 (Championship - 13th) England ST 23 Gary Madine 10
16%
2020/21 (Championship - 24th) England ST 25 Jack Marriott 12
16%
2017/18 (Championship - 15th) England RW 20 Jack Stobbs 3
16%
2015/16 (Championship - 6th) England RW 18 Jack Stobbs 1
16%
2014/15 (Championship - 13th) England LB 24 Joe Mattock 27
16%
2014/15 (Championship - 13th) Scotland CM 21 Rhys McCabe 1
16%
2022/23 (League One - 3rd) Sri Lanka LM 20 Sam Durrant 1
16%
2021/22 (League One - 4th) England ST 20 Tyreece John-Jules 1
16%
2019/20 (Championship - 16th) Cape Verde AM 22 Alessio da Cruz 14
12%
2016/17 (Championship - 4th) England RW 25 Callum McManaman 11
12%
2018/19 (Championship - 12th) England CM 19 Connor Kirby 1
12%
2017/18 (Championship - 15th) England CM 18 Connor Kirby 1
12%
2017/18 (Championship - 15th) Denmark CB 19 Frederik Fisker Nielsen 3
12%
2015/16 (Championship - 6th) England LB 25 Joe Bennett 3
12%
2018/19 (Championship - 12th) England CB 21 Jordan Thorniley 20
12%
2017/18 (Championship - 15th) England CB 20 Jordan Thorniley 11
12%
2014/15 (Championship - 13th) Guinea CB 29 Kamil Zayatte 11
12%
2021/22 (League One - 4th) England CM 26 Lewis Wing 18
12%
2014/15 (Championship - 13th) Ireland ST 21 Will Keane 13 3
12%
2014/15 (Championship - 13th) Barbados ST 20 Hallam Hope 4
8%
2023/24 (Championship - 20th) Zimbabwe RB 19 Joey Phuthi 1
8%
2014/15 (Championship - 13th) Wales RW 21 Lloyd Isgrove 8
8%
2018/19 (Championship - 12th) Scotland RW 19 Fraser Preston 3
4%
2014/15 (Championship - 13th) Netherlands LM 27 Royston Drenthe 15 1
4%
No matching quizzes found
Score Distribution
Percent of People with Each Score
Percentile by Number Answered
Your Score History
You have not taken this quiz